Capitals by flag #2 - Statistics

General Stats
  • This quiz has been taken 20 times
  • The average score is 9 of 16
Answer Stats
Picture Answer % Correct
Dublin
71%
Lisbon
71%
Ankara
64%
Athens
64%
Brasília
64%
Hanoi
64%
Jerusalem
64%
Pyongyang
64%
Bangkok
57%
Oslo
57%
Dhaka
50%
Jakarta
50%
Taipei
50%
Wellington
50%
Algeirs
29%
Ottowa
21%
No matching quizzes found
Score Distribution
Percent of People with Each Score
Percentile by Number Answered
Your Score History
You have not taken this quiz